| 000 | 00345nam a2200145 i 4500 | ||
|---|---|---|---|
| 040 | _cDLC | ||
| 082 | 0 | 0 | _a631 WIL 1978 A053 Or. |
| 100 | 1 | _aFoth, H. D. | |
| 245 | 1 | 0 | _aFundamentals of soil science / |
| 250 | _a6th ed. | ||
| 260 |
_aNew York : _bWiley, _cc1978. |
||
| 300 |
_a436 p. : _bill. ; _c25 cm. |
||
| 650 | 0 | _aSoil science. | |
| 942 | _cEK | ||
| 999 |
_c14963 _d14963 |
||